05892nam a2200433 a 4500003000500000005001700005007001500022008004100037035001100078040000900089090001000098100004200108245024700150260004100397300006100438336002700499337002900526338003900555502003000594520409300624590002404717590002804741590002804769590002804797590002804825590002804853590002904881650003104910650005504941650003404996700006105030856005305091901000705144942005605151949005605207949006205263999001905325952011405344CHAP20241108092605.0cr ||||||a|c|a110103s2010 mx r 00010 spa d a111851 cCHAP aTesis00aTinoco Rueda, Júan Ángel.911337610aOrdenamiento agroforestal y evaluación de servicios ambientalesbestrategias para la mitigación y adaptación al cambio climático en el sureste mexicanoc/por Júan Ángel Tinoco Rueda; director de tesis Jesús David Gómez Díaz. aChapingo, Méx. :bEl autor,c2010. a1 recurso en línea (154 páginas):bcuadros, figuras. 2rdacontentatextobtxt 2rdamediaacomputadorabc 2rdacarrierarecurso en líneabcr bMCADScSuelosd2010.gMAE aEn la presente investigación se evaluaron los servicios ambientales de captura de carbono en la parte aérea y subterránea y la recarga de agua hacia el subsuelo en la cuenca del Río Platanar, estado de Chiapas. Además, se desarrolló una metodología denominada ordenamiento agroforestal en donde se proponen sistemas agroforestales con base en las características e indicadores de diagnóstico del paisaje. Para la estimación del contenido de carbono en la parte aérea se delimitaron unidades de integración territorial (UIT) en las cuales se establecieron parcelas de muestreo de 400 m2 en donde se realizó un inventario florístico y se calculó el índice de valor de importancia a cada especie encontrada. Para las especies más representativas de cada comunidad vegetal se buscaron ecuaciones alométricas para estimar su contenido de materia seca y posteriormente su contenido de carbono al aplicar el factor de 0.5. Para estimar el contenido de carbono orgánico en el suelo se obtuvieron muestras simples de suelo en cada UIT a una profundidad de 30 cm, además, se abrieron cinco perfiles de suelo para poder clasificar el suelo en los cuales se tomaron muestras, el suelo colectado se llevó a laboratorio para su análisis. Dentro de las determinaciones realizadas a las muestras se encuentran el valor de densidad aparente y porcentaje de materia orgánica, los cuales se utilizaron para estimar el contenido de carbono orgánico en el suelo (COS) en cada UIT. La estimación de la recarga de agua se delimitó a escala regional las isotermas e isoyetas en la cuenca, posteriormente se realizó un balance de humedad en el suelo con el cual se obtuvieron variables hidrológicas como la evapotranspiración potencial y actual, el escurrimiento, el déficit de humedad, entre otras. Con estas variables se cuantificó la recarga de agua hacia el subsuelo. Por su parte para la propuesta ordenamiento agroforestal se elaboró la cartografía detallada de los atributos pendiente, cobertura vegetal, temperatura, precipitación y características del suelo. De forma similar se evaluaron los indicadores de diagnóstico erosión hídrica, calidad ecológica, fragilidad natural, zonas riparias y condición actual de la vegetación. Con la cartografía obtenida se desarrolló un sistema de información geográfica para posteriormente aplicar una evaluación multicriterio y proponer tecnologías agroforestales en cada una de las unidades geográficas resultantes. Como resultados principales se encontró que a comunidad selva alta perennifolia con vegetación secundaria fue en donde se encontró la mayor cantidad de carbono en la parte aérea con 99.7 MgC ha-1. La comunidad pastizal cultivado, que registra la mayor superficie en la cuenca con 31,153.8 hectáreas, reporta un contenido de carbono de 10 MgC ha-1. En la estimación del COS, las UIT ubicadas en los sistemas terrestres Lomeríos y Planicie Aluvial se registra la mayor cantidad de COS a 30 cm de profundidad (> 96.6 MgC ha-1). En el sistema terrestre Cañadas se identificaron zonas degradadas en las que el contenido de COS es el más bajo en toda la cuenca (< 7.2 MgC ha-1). La recarga de agua fue mayor en la zona Noroeste de la cuenca es en donde se registra la mayor lámina de agua infiltrada con un intervalo de 500 a 550 mm anuales, por el contrario, las zonas con menor lámina infiltrada se ubican en el Sureste y presentan valores de 300 a 350 mm anuales. Con la propuesta de ordenamiento agroforestal se obtuvieron nueve sistemas agroforestales, de los cuales el sistema árboles dispersos en potreros es el que abarca la mayor superficie con el 25.5 % de la superficie total de la cuenca. Se considera que las tecnologías agroforestales propuestas son opciones viables para la mitigación y adaptación al cambio climático ya que se incrementaría el carbono en la parte aérea y subterránea, y a su vez se diversificarían los productos para autoconsumo o para la venta por parte de los habitantes de la cuenca. aALEPHb10c20130110 aBATCH-UPDb10c20130110 aBATCH-UPDb10c20130410 aBATCH-UPDb10c20130914 aBATCH-UPDb10c20140324 aBATCH-UPDb10c20141002 aCONVERSIONb10c2013010914aCambio climático.91778114aMedio ambientexServicios de información.97411614aOrdenamiento Forestal.9834241 aGómez Díaz, Jesús David949677eDirector de tesis. uhttp://10.13.5.2/tesis/111851.pdfzDESCARGAR PDF aBK cTD2Clasificación Universidad Autónoma Chapingo bBCcTESd33724002227611eTS2fc.2h51696i111851sb bBCcTESd33724002227652eTS1gDonaciØnh51695i111851sb c100192d100192 00102local4051708TesDigMaBDbBDcE_Ld2019-12-31l0oTesis digitalr2019-12-31 00:00:00w2019-12-31yTD